Southville International School and Colleges
Your cart is empty.
  • Cart
  • Lists
    Public lists Eva Luna New books Lux_list list_1
    Your lists Log in to create your own lists
  • Log in to your account
  • Your cookies
  • Search history
Southville International School and Colleges
  • Advanced search
  • Recent comments
  • Most popular
  • Libraries

Log in to your account

Log in with GOOGLE


If you do not have an external account, but do have a local account, you can still log in:

  1. Home
  2. MARC view: Structured computer organization /
Normal view MARC view ISBD view

Structured computer organization / (Record no. 15344)

[ view plain ]
MARC details
000 -LEADER
fixed length control field 00958pam a2200289 a 4500
001 - CONTROL NUMBER
control field 4035451
003 - CONTROL NUMBER IDENTIFIER
control field OSt
005 - DATE AND TIME OF LATEST TRANSACTION
control field 20140310182721.0
008 - FIXED-LENGTH DATA ELEMENTS--GENERAL INFORMATION
fixed length control field 980818s1999 njua b 001 0 eng
010 ## - LIBRARY OF CONGRESS CONTROL NUMBER
LC control number 98042130
020 ## - INTERNATIONAL STANDARD BOOK NUMBER
International Standard Book Number 9814058408
040 ## - CATALOGING SOURCE
Original cataloging agency DLC
Transcribing agency DLC
Modifying agency DLC
050 00 - LIBRARY OF CONGRESS CALL NUMBER
Classification number QA 76.6
Item number .T38 2002
100 1# - MAIN ENTRY--PERSONAL NAME
Personal name Tanenbaum, Andrew S.,
Dates associated with a name 1944-
245 10 - TITLE STATEMENT
Title Structured computer organization /
Statement of responsibility, etc Andrew S. Tanenbaum; with contributions from James R. Goodman.
250 ## - EDITION STATEMENT
Edition statement 4th ed.
260 ## - PUBLICATION, DISTRIBUTION, ETC. (IMPRINT)
Place of publication, distribution, etc Upper Saddle River, N.J. :
Name of publisher, distributor, etc Prentice Hall,
Date of publication, distribution, etc 2002.
300 ## - PHYSICAL DESCRIPTION
Extent xviii, 669 p. :
Other physical details ill. ;
Dimensions 25 cm.
521 ## - TARGET AUDIENCE NOTE
Target audience note
650 #0 - SUBJECT ADDED ENTRY--TOPICAL TERM
Topical term or geographic name as entry element Computer programming.
650 #0 - SUBJECT ADDED ENTRY--TOPICAL TERM
Topical term or geographic name as entry element Computer organization.
700 1# - ADDED ENTRY--PERSONAL NAME
Personal name Goodman, James R.
906 ## - LOCAL DATA ELEMENT F, LDF (RLIN)
a 7
b cbc
c orignew
d 1
e ocip
f 19
g y-gencatlg
942 ## - ADDED ENTRY ELEMENTS (KOHA)
Source of classification or shelving scheme Library of Congress Classification
Koha item type Books
Call number prefix Foreign
Holdings
Withdrawn status Lost status Source of classification or shelving scheme Damaged status Home library Current library Shelving location Date acquired Total Checkouts Full call number Barcode Date last seen Date checked out Copy number Price effective from Koha item type
    Library of Congress Classification   College Library College Library General Circulation Section 10/14/2002 1 QA 76.6 .T38 2002 C1183 05/15/2018 03/30/2017 1 10/10/2013 Books

Structured computer organization /

APA

Tanenbaum A. S., Goodman J. R., . (2002). Structured computer organization. Upper Saddle River, N.J: Prentice Hall.

Chicago

Tanenbaum Andrew S, Goodman James R, . 2002. Structured computer organization. Upper Saddle River, N.J: Prentice Hall.

Harvard

Tanenbaum A. S., Goodman J. R., . (2002). Structured computer organization. Upper Saddle River, N.J: Prentice Hall.

MLA

Tanenbaum Andrew S, Goodman James R, . Structured computer organization. Upper Saddle River, N.J: Prentice Hall. 2002.

  • Place hold
  • Print
  • Cite
  • Add to your cart (remove)
  • Save record
    BIBTEX Dublin Core MARCXML MARC (non-Unicode/MARC-8) MARC (Unicode/UTF-8) MARC (Unicode/UTF-8, Standard) MODS (XML) RIS
  • More searches
    Search for this title in:
    Other Libraries (WorldCat) Other Databases (Google Scholar) Online Stores (Bookfinder.com) Open Library (openlibrary.org)

Exporting to Dublin Core...

SOUTHVILLE LIBRARY

Southville International School and Colleges Library

1281 Tropical Ave. Cor. Luxembourg St., BF Homes International, Las Pinas City

Tel. No. 8256374 / 252358 Loc. 117/146

Powered by Koha